000 00723nam a2200241Ia 4500
003 OSt
005 20220925215204.0
006 a|||||r|||| 00| 0
007 ta
008 220923b |||||||| |||| 00| 0 eng d
037 _cGeneral Book
040 _aRTL
_cRTL
_beng
041 _2eng
_aeng
082 _aY763.N, K9
100 _aThompson Leonard Ed.
_9114788
245 0 _aAfrican societies in Southern Africa
_b Historical
260 _aLondon
_bHeinemann
_c1969
300 _avii,336p
_ccm.
490 _aUniversity of California, African Studies Center, Publication
650 _aAfrican Society
942 _hY763.N, K9
_cGB
_2CC
999 _c568163
_d568163